The Rwenzori Mountains National Park, Uganda: (Record no. 8831)

MARC details
000 -LEADER
fixed length control field 00574nam a22002057a 4500
003 - CONTROL NUMBER IDENTIFIER
control field OSt
005 - DATE AND TIME OF LATEST TRANSACTION
control field 20240625144306.0
008 - FIXED-LENGTH DATA ELEMENTS--GENERAL INFORMATION
fixed length control field 240625b |||||||| |||| 00| 0 eng d
020 ## - INTERNATIONAL STANDARD BOOK NUMBER
International Standard Book Number 9970429019
040 ## - CATALOGING SOURCE
Transcribing agency DDC
082 ## - DEWEY DECIMAL CLASSIFICATION NUMBER
Classification number 551.43 RWE 1998
100 ## - MAIN ENTRY--PERSONAL NAME
Personal name Edited by Osmaston, Henry; [et...al]
9 (RLIN) 17849
245 ## - TITLE STATEMENT
Title The Rwenzori Mountains National Park, Uganda:
260 ## - PUBLICATION, DISTRIBUTION, ETC. (IMPRINT)
Place of publication, distribution, etc. Makerere university press, 1998
300 ## - PHYSICAL DESCRIPTION
Extent 395p; ill: 22cm
500 ## - GENERAL NOTE
General note Appendices included
650 ## - SUBJECT ADDED ENTRY--TOPICAL TERM
Topical term or geographic name as entry element Rwenzori park
9 (RLIN) 17850
650 ## - SUBJECT ADDED ENTRY--TOPICAL TERM
Topical term or geographic name as entry element Uganda game park
9 (RLIN) 17851
942 ## - ADDED ENTRY ELEMENTS (KOHA)
Source of classification or shelving scheme Dewey Decimal Classification
Koha item type Open Shelf
Holdings
Withdrawn status Lost status Source of classification or shelving scheme Damaged status Not for loan Home library Current library Date acquired Source of acquisition Inventory number Total Checkouts Full call number Barcode Date last seen Koha item type
    Dewey Decimal Classification     MUST Main Library MUST Main Library 25/06/2024 Purchase 02/16951   551.43 RWE 1998 2024-21301 25/06/2024 Open Shelf